Дневники. Письма. Трактаты. Т. 2: Трактаты (Запись № 8533691)
[ простой вид ]
| 000 -МАРКЕР | |
|---|---|
| контрольное поле | 01261nam2a22002651 4500 |
| 001 - ИДЕНТИФИКАТОР ЗАПИСИ | |
| контрольное поле | rc\4425349 |
| 005 - ИДЕНТИФИКАТОР ВЕРСИИ | |
| контрольное поле | 20250612080925.0 |
| 021 ## - НОМЕР ГОСУДАРСТВЕННОЙ РЕГИСТРАЦИИ | |
| Код страны | Российская Федерация |
| Номер | [58-2398] |
| 021 ## - НОМЕР ГОСУДАРСТВЕННОЙ РЕГИСТРАЦИИ | |
| Код страны | Российская Федерация |
| Номер | [58-2281] |
| 035 ## - ДРУГИЕ СИСТЕМНЫЕ НОМЕРА | |
| Идентификатор записи | (NLR Aleph) 008572382 |
| 100 ## - ДАННЫЕ ОБЩЕЙ ОБРАБОТКИ | |
| Данные общей обработки | 20130416d1957 |||y0rusy50 ca |
| 101 1# - ЯЗЫК РЕСУРСА | |
| Язык текста, звукозаписи и т.д. | русский |
| Язык оригинала | немецкий |
| 102 ## - СТРАНА ПУБЛИКАЦИИ ИЛИ ПРОИЗВОДСТВА | |
| Страна публикации | Российская Федерация |
| 105 ## - ПОЛЕ КОДИРОВАННЫХ ДАННЫХ: ТЕКСТОВЫЕ МАТЕРИАЛЫ, МОНОГРАФИЧЕСКИЕ | |
| Кодированные данные о монографическом текстовом документе | a z ||||| |
| 200 1# - ЗАГЛАВИЕ И СВЕДЕНИЯ ОБ ОТВЕТСТВЕННОСТИ | |
| Основное заглавие | Трактаты |
| 210 ## - ПУБЛИКАЦИЯ, РАСПРОСТРАНЕНИЕ И ДР. | |
| Место издания, распространения и т.д. | Ленинград |
| -- | Москва |
| Имя издателя, распространителя и т. д. | Искусство |
| Дата издания, распространения и т.д. | 1957 |
| 215 ## - ФИЗИЧЕСКАЯ ХАРАКТЕРИСТИКА | |
| Специфическое обозначение материала и объем | 254 с. |
| Другие сведения о физической характеристике | ил. |
| 320 ## - ПРИМЕЧАНИЯ О НАЛИЧИИ В ДОКУМЕНТЕ БИБЛИОГРАФИИ / УКАЗАТЕЛЯ | |
| Текст примечания | Библиогр. справочник: с. 240-241 |
| 461 #0 - УРОВЕНЬ НАБОРА | |
| Встроенное поле | 001rc\4425347 |
| -- | 2001#$aДневники. Письма. Трактаты$f[Пер. с ранневерхненем., вступ. статья [с. 7-39] и коммент. Ц.Г. Нессельштраус]. Т. 1-2$vТ. 2 |
| -- | 700#1$aДюрер$bА.$f1471-1528$gАльбрехт |
| Системный номер (АБИС) связанной записи | 8533681 |
| Автор | Дюрер, А. (1471-1528) |
| Место публикации | Ленинград |
| Дата публикации | 1957 |
| Первые сведения об ответственности | [Пер. с ранневерхненем., вступ. статья [с. 7-39] и коммент. Ц.Г. Нессельштраус]. Т. 1-2 |
| Имя издателя, распространителя и т.д. | Искусство |
| Физическая характеристика | 2 т. |
| Заглавие | Дневники. Письма. Трактаты |
| Номер тома | Т. 2 |
| 801 #0 - ИСТОЧНИК ЗАПИСИ | |
| Страна | Российская Федерация |
| Организация | NLR |
| Правила каталогизации | psbo |
| 801 #1 - ИСТОЧНИК ЗАПИСИ | |
| Страна | Российская Федерация |
| Организация | ELAR |
| Источник данных | rusmarc |
| 852 ## - МЕСТОНАХОЖДЕНИЕ И ШИФР ХРАНЕНИЯ | |
| Идентификатор организации | NLR |
| Шифр хранения (Call Number) | 58-5/528 |
| 942 ## - ДОПОЛНИТЕЛЬНЫЕ ЭЛЕМЕНТЫ ЗАПИСИ (АБИС) | |
| Тип экземпляра АБИС | Книга |
| 980 ## - КОЛЛЕКЦИЯ | |
| Название коллекции | Национальная библиография |
| Тип экземпляра | Дата поступления | Библиотека постоянного хранения | Библиотека текущего хранения | Место хранения | Шифр хранения | Штрих-код | Статус экземпляра |
|---|---|---|---|---|---|---|---|
| Книга | 26.10.2013 | РНБ (Московский) | РНБ (Московский) | Русский книжный фонд: издания с 1957 года | 58-5/528 | 1-86175 | |
| Книга | 25.11.2015 | РНБ (Московский) | РНБ (Московский) | Русский книжный фонд: издания с 1957 года | 58-5/528 | 1-1148903 |